[Event "European Youth Chess Championship B16"]
[Site "Prague, Top Hotel Prague"]
[Date "2016.08.21"]
[Round "4.14"]
[White "Nguyen, Kevin"]
[Black "Lodici, Lorenzo"]
[Result "1/2-1/2"]
[WhiteElo "2169"]
[BlackElo "2394"]
[PlyCount "141"]
[EventDate "2016.08.18"]

1. e4 c5 2. Nc3 Nc6 3. Bb5 Nd4 4. Nf3 Nxb5 5. Nxb5 d6 6. d4 Nf6 7. O-O a6 8.
Nc3 cxd4 9. Qxd4 Bg4 10. Ne1 e5 11. Qd3 Be7 12. f4 exf4 13. Bxf4 O-O 14. Nf3
Rc8 15. Nd4 Qb6 16. Na4 Qc7 17. Nc3 Qb6 18. Na4 Qc7 19. Nc3 Rfe8 20. Rae1 Qb6
21. Na4 Qa5 22. Nc3 Qb4 23. Nb3 Be6 24. Rd1 Ng4 25. Bxd6 Qb6+ 26. Qd4 Qxd6 27.
Qxd6 Bxd6 28. Rxd6 Ne3 29. Rb1 Nxc2 30. Rb6 Bxb3 31. axb3 Rc7 32. Nd5 Rd7 33.
Rd1 Kf8 34. Rd2 Ne3 35. Rd4 f5 36. Rdb4 Nxd5 37. exd5 Rxd5 38. Rxb7 Re2 39. Rf4
Rd1+ 40. Rf1 Rxf1+ 41. Kxf1 Rxb2 42. Kg1 Kg8 43. h4 f4 44. Rb6 Ra2 45. Rb4 Ra3
46. Kf2 a5 47. Rb7 g6 48. b4 Rb3 49. b5 h6 50. b6 g5 51. hxg5 hxg5 52. Ra7 Rb2+
53. Kf3 Rxb6 54. Rxa5 Rb3+ 55. Kf2 Rg3 56. Ra7 Rb3 57. Ra5 Rg3 58. Ra7 Kf8 59.
Rb7 Ke8 60. Ra7 Kd8 61. Rb7 Rc3 62. Rg7 Rg3 63. Ra7 Ke8 64. Rb7 Ra3 65. Rb5 g4
66. Rb4 g3+ 67. Ke2 Ra2+ 68. Kf3 Rf2+ 69. Kg4 f3 70. Kxg3 Rxg2+ 71. Kxf3
1/2-1/2

[Event "European Youth Chess Championship B16"]
[Site "Prague, Top Hotel Prague"]
[Date "2016.08.21"]
[Round "4.15"]
[White "Nikitenko, Mihail"]
[Black "Akdogan, Alperen"]
[Result "1-0"]
[WhiteElo "2394"]
[BlackElo "2152"]
[PlyCount "109"]
[EventDate "2016.08.18"]

1. Nf3 f5 2. g3 Nf6 3. Bg2 g6 4. d4 Bg7 5. b3 O-O 6. Bb2 d6 7. O-O c6 8. c4 Re8
9. d5 Na6 10. Nc3 Bd7 11. Nd4 Nc7 12. b4 Rf8 13. Rc1 c5 14. bxc5 dxc5 15. Nf3
Rc8 16. Ne5 Nce8 17. e4 Nxe4 18. Nxe4 fxe4 19. Bxe4 Nd6 20. Bb1 Bf5 21. h4 Bxb1
22. Rxb1 Bxe5 23. Bxe5 Nxc4 24. Ba1 Nb6 25. h5 Qxd5 26. hxg6 Qxd1 27. gxh7+
Kxh7 28. Rfxd1 Rfd8 29. Re1 Rd7 30. a4 Nd5 31. Kg2 Rc6 32. Re4 Kg6 33. Rg4+ Kf5
34. Rc4 Nf6 35. Rh1 b6 36. Rh6 Rd1 37. Bb2 Ke6 38. Rf4 Kd5 39. g4 Nd7 40. g5 e5
41. Rf7 Rd6 42. g6 Ke6 43. Rf3 Nf6 44. g7 Kf7 45. Bxe5 Kxg7 46. Rhxf6 Rxf6 47.
Rxf6 Kg8 48. Rd6 Re1 49. f4 Re2+ 50. Kf3 Ra2 51. Rd8+ Kf7 52. Rd7+ Ke6 53. Rxa7
c4 54. Ke4 Re2+ 55. Kd4 1-0

[Event "European Youth Chess Championship B16"]
[Site "Prague, Top Hotel Prague"]
[Date "2016.08.21"]
[Round "4.16"]
[White "Zeman, Matyas"]
[Black "Macovei, Andrei"]
[Result "0-1"]
[WhiteElo "2166"]
[BlackElo "2382"]
[PlyCount "50"]
[EventDate "2016.08.18"]

1. e4 c5 2. d4 g6 3. Nf3 Bg7 4. c3 cxd4 5. cxd4 d5 6. e5 Bg4 7. Nc3 Nc6 8. Be3
Nh6 9. Qb3 Qd7 10. Be2 Nf5 11. Rd1 e6 12. O-O O-O 13. Rd3 Rac8 14. h3 Bxf3 15.
Bxf3 Na5 16. Qd1 b5 17. b3 a6 18. Bc1 Rc7 19. Bb2 Rfc8 20. Re1 Bf8 21. Re2 Bb4
22. Nb1 h5 23. g3 Bf8 24. Rc3 Nc6 25. Rcc2 Ncxd4 0-1

[Event "European Youth Chess Championship B16"]
[Site "Prague, Top Hotel Prague"]
[Date "2016.08.21"]
[Round "4.17"]
[White "Slovak, Kilian"]
[Black "Lopez, Mulet Inigo"]
[Result "0-1"]
[WhiteElo "2142"]
[BlackElo "2343"]
[PlyCount "70"]
[EventDate "2016.08.18"]

1. e4 c5 2. Nf3 Nc6 3. d4 cxd4 4. Nxd4 e5 5. Nb5 d6 6. c4 Be7 7. Bd3 a6 8. N5c3
Bg5 9. Nd2 Nf6 10. b3 Nd4 11. Bb2 Bg4 12. Ne2 Ne6 13. Nf1 Nf4 14. Ne3 Bxe2 15.
Bxe2 Qa5+ 16. Kf1 Nxe4 17. f3 Qb6 18. fxe4 Qxe3 19. Bc1 Qxe4 20. Bf3 Qf5 21.
Bxb7 e4 22. Qxd6 Ne6+ 23. Bf4 Nd8 24. Bxe4 Bxf4 25. Qd3 Qf6 26. Re1 Bg3+ 27.
Bf3+ Bxe1 28. Qe4+ Qe6 29. Qxa8 O-O 30. Qe4 Bb4 31. Qxe6 Nxe6 32. Kf2 Rd8 33.
Bd5 Nf4 34. Rd1 Nxd5 35. cxd5 Kf8 0-1

[Event "European Youth Chess Championship B16"]
[Site "Prague, Top Hotel Prague"]
[Date "2016.08.21"]
[Round "4.18"]
[White "Laurent-Paoli, Pierre"]
[Black "Szustakowski, Antoni"]
[Result "1-0"]
[WhiteElo "2318"]
[BlackElo "2125"]
[PlyCount "141"]
[EventDate "2016.08.18"]

1. d4 Nf6 2. c4 e6 3. Nc3 Bb4 4. Qc2 c5 5. dxc5 O-O 6. Nf3 Na6 7. a3 Bxc3+ 8.
Qxc3 Nxc5 9. Nd2 b6 10. b4 Nce4 11. Nxe4 Nxe4 12. Qd4 Qf6 13. Bb2 Qxd4 14. Bxd4
Nd6 15. e3 Bb7 16. Be5 Nf5 17. Bd3 f6 18. Bxf5 fxe5 19. Bh3 Rac8 20. Rc1 Ba6
21. c5 bxc5 22. bxc5 Rc6 23. Rd1 Rxc5 24. Rxd7 Rc1+ 25. Rd1 Rxd1+ 26. Kxd1 Rxf2
27. Bxe6+ Kf8 28. Bd5 Bd3 29. h4 e4 30. Rh2 Ke7 31. h5 Rf5 32. Bg8 h6 33. g4
Rf8 34. Bh7 Rf1+ 35. Kd2 Ra1 36. Kc3 Rxa3+ 37. Kd4 Ra4+ 38. Ke5 a5 39. Bg6 Ra1
40. Rf2 Bc4 41. Rc2 Ra4 42. Bxe4 Rb4 43. Bf5 a4 44. Rc3 Rb5+ 45. Kd4 Bb3 46.
Rc7+ Kf6 47. Rc6+ Ke7 48. Ra6 Rd5+ 49. Kc3 Rd6 50. Ra7+ Kf6 51. e4 Rc6+ 52. Kb4
Bd1 53. Rd7 Bb3 54. Ra7 Bd1 55. Ra5 Rb6+ 56. Kc4 Bb3+ 57. Kc5 Rb8 58. Kd6 Rd8+
59. Kc7 Re8 60. Kd7 Re5 61. g5+ hxg5 62. Ra6+ Be6+ 63. Bxe6 g4 64. Bxg4+ Kg5
65. Bf5 Kxh5 66. Kd6 Re8 67. e5 Kg5 68. Bd7 Rh8 69. Rxa4 Kh5 70. e6 g5 71. e7
1-0

[Event "European Youth Chess Championship B16"]
[Site "Prague, Top Hotel Prague"]
[Date "2016.08.21"]
[Round "4.19"]
[White "Lojek, Marek"]
[Black "Haug, Johannes"]
[Result "0-1"]
[WhiteElo "2141"]
[BlackElo "2305"]
[PlyCount "98"]
[EventDate "2016.08.18"]

1. e4 c6 2. d4 d5 3. exd5 cxd5 4. c4 Nf6 5. Nc3 e6 6. Nf3 Bb4 7. cxd5 Nxd5 8.
Bd2 O-O 9. Bd3 b6 10. O-O Bb7 11. Qe2 Nd7 12. Qe4 N7f6 13. Qh4 Be7 14. Nxd5
Bxd5 15. Bg5 h6 16. Be3 Bxf3 17. gxf3 Qd5 18. Qg3 Bd6 19. Qg2 Qh5 20. Kh1 g6
21. Rg1 Kh8 22. f4 Rac8 23. Rac1 Rxc1 24. Rxc1 Rd8 25. Be4 Nxe4 26. Qxe4 Kg7
27. Bd2 Be7 28. Rc7 Qd1+ 29. Kg2 Qxd2 30. Rxe7 Qxd4 31. Qxd4+ Rxd4 32. Rxa7
Rxf4 33. Rb7 Rb4 34. b3 g5 35. Kg3 Kg6 36. Rd7 h5 37. h3 f6 38. Rd3 Kf5 39. a3
Rb5 40. b4 Rd5 41. Re3 b5 42. Kf3 e5 43. Rc3 h4 44. Rc1 e4+ 45. Ke3 Ke5 46. Ke2
f5 47. Rc8 Rd3 48. Rc5+ Kf4 49. Rxb5 Rxa3 0-1

[Event "European Youth Chess Championship B16"]
[Site "Prague, Top Hotel Prague"]
[Date "2016.08.21"]
[Round "4.20"]
[White "Janik, Igor"]
[Black "Abishli, Oghuz"]
[Result "1-0"]
[WhiteElo "2303"]
[BlackElo "2120"]
[PlyCount "99"]
[EventDate "2016.08.18"]

1. e4 c5 2. Nf3 g6 3. c3 Bg7 4. d4 cxd4 5. cxd4 d5 6. e5 Bg4 7. Nbd2 Nc6 8. h3
Bxf3 9. Nxf3 Qa5+ 10. Bd2 Qb6 11. Bc3 Nh6 12. Qd2 f6 13. exf6 exf6 14. Bd3 O-O
15. O-O Nf7 16. Qf4 Rac8 17. Rfe1 Qc7 18. Qe3 Rfe8 19. Qxe8+ Rxe8 20. Rxe8+ Bf8
21. Rae1 a6 22. Bc2 Kg7 23. Bb3 Qd7 24. R8e2 b5 25. a3 a5 26. Bd2 a4 27. Ba2 b4
28. axb4 Nxb4 29. Bxb4 Bxb4 30. Rc1 Qb5 31. Rec2 Bd6 32. g3 Nd8 33. Kg2 Nf7 34.
Re1 Nd8 35. Re3 Nf7 36. Rce2 Qb7 37. Rc2 Nd8 38. Ng1 Nf7 39. Ne2 g5 40. Nc3 Qb4
41. Rd3 f5 42. Bxd5 h5 43. Bc6 g4 44. hxg4 hxg4 45. Nd5 Qe1 46. Ne3 Kf6 47. Rd1
Qa5 48. Bd7 Nh6 49. Rc6 Ke7 50. Rxd6 1-0

[Event "European Youth Chess Championship B16"]
[Site "Prague, Top Hotel Prague"]
[Date "2016.08.21"]
[Round "4.21"]
[White "Pantzar, Milton"]
[Black "Lazov, Toni"]
[Result "0-1"]
[WhiteElo "2135"]
[BlackElo "2297"]
[PlyCount "58"]
[EventDate "2016.08.18"]

1. d4 Nf6 2. c4 g6 3. f3 Bg7 4. e4 c5 5. Ne2 O-O 6. Nbc3 d6 7. Be3 Qa5 8. Nc1
cxd4 9. Nb3 Qc7 10. Nxd4 Nc6 11. Be2 Be6 12. Nxe6 fxe6 13. O-O Nh5 14. f4 Nxf4
15. Bg4 Nh5 16. Bxe6+ Kh8 17. Qd2 Qa5 18. Bd5 Nf6 19. a3 Ng4 20. b4 Rxf1+ 21.
Kxf1 Nxe3+ 22. Qxe3 Nxb4 23. Rc1 Qxa3 24. Nd1 Qxe3 25. Nxe3 Bh6 26. Ke2 Nxd5
27. cxd5 a5 28. Rb1 Bxe3 29. Kxe3 Ra7 0-1

[Event "European Youth Chess Championship B16"]
[Site "Prague, Top Hotel Prague"]
[Date "2016.08.21"]
[Round "4.22"]
[White "Paiva, Henrique"]
[Black "Drori, Saar"]
[Result "1/2-1/2"]
[WhiteElo "2121"]
[BlackElo "2290"]
[PlyCount "38"]
[EventDate "2016.08.18"]

1. e4 c5 2. Nf3 d6 3. d4 cxd4 4. Nxd4 Nf6 5. Nc3 a6 6. Be2 e5 7. Nb3 Be7 8. O-O
O-O 9. Be3 Be6 10. Bf3 Nbd7 11. a4 Rc8 12. a5 Qc7 13. Re1 h6 14. Nd2 Rfe8 15.
Nf1 Nf8 16. Bb6 Qc6 17. Ne3 N8d7 18. Ned5 Nxb6 19. Nxb6 Rb8 1/2-1/2

[Event "European Youth Chess Championship B16"]
[Site "Prague, Top Hotel Prague"]
[Date "2016.08.21"]
[Round "4.23"]
[White "Papp, Levente"]
[Black "Banzea, Alexandru-Bogdan"]
[Result "0-1"]
[WhiteElo "2120"]
[BlackElo "2287"]
[PlyCount "94"]
[EventDate "2016.08.18"]

1. b3 Nf6 2. Bb2 g6 3. g3 Bg7 4. Bg2 O-O 5. e3 c5 6. Ne2 Nc6 7. O-O d5 8. d4
cxd4 9. Nxd4 Bg4 10. Nxc6 bxc6 11. Qc1 Qd7 12. Re1 Rfe8 13. Nc3 e5 14. e4 d4
15. Na4 Bf8 16. Ba3 Bxa3 17. Qxa3 h5 18. Nc5 Qe7 19. h3 Be6 20. Qa5 Nd7 21. Nd3
h4 22. g4 c5 23. c3 Qd8 24. Qxd8 Rexd8 25. cxd4 cxd4 26. Rac1 Rdc8 27. Rxc8+
Rxc8 28. Rc1 Rxc1+ 29. Nxc1 Nc5 30. Kf1 Bc8 31. Ke2 Ne6 32. Kd2 Ba6 33. Ne2
Bxe2 34. Kxe2 Nf4+ 35. Kf3 g5 36. Bf1 a5 37. a3 Kf8 38. Bg2 Ke7 39. Bf1 Kd6 40.
Bg2 Kc5 41. Bf1 f6 42. Bg2 Nxg2 43. Kxg2 d3 44. Kf1 Kd4 45. Ke1 Kc3 46. Kd1
Kxb3 47. Kd2 Kxa3 0-1

[Event "European Youth Chess Championship B16"]
[Site "Prague, Top Hotel Prague"]
[Date "2016.08.21"]
[Round "4.24"]
[White "Jurasek, Vojtech"]
[Black "Schroeder, Kevin"]
[Result "0-1"]
[WhiteElo "1859"]
[BlackElo "2286"]
[PlyCount "134"]
[EventDate "2016.08.18"]

1. d4 Nf6 2. c4 e6 3. Nf3 c5 4. e3 b6 5. Be2 cxd4 6. exd4 Bb4+ 7. Bd2 Bxd2+ 8.
Nbxd2 O-O 9. O-O Bb7 10. Rc1 d6 11. Re1 Nbd7 12. Bd3 Qc7 13. b3 Rfe8 14. Ne4
Rac8 15. Nfd2 g6 16. Nxf6+ Nxf6 17. Ne4 Bxe4 18. Bxe4 d5 19. Bf3 Qd6 20. cxd5
Nxd5 21. g3 Red8 22. Bxd5 Qxd5 23. Rxc8 Rxc8 24. Re2 Kg7 25. Rd2 Rc3 26. Rc2
Rxc2 27. Qxc2 Qxd4 28. h3 h5 29. h4 b5 30. Qc1 a5 31. Kg2 b4 32. Qc2 Kf6 33.
Qc1 Qd5+ 34. Kg1 Qe5 35. Qd2 Ke7 36. Qc2 Qd5 37. Qc1 e5 38. Qe3 Qd4 39. Qf3 Ke6
40. Qc6+ Qd6 41. Qc8+ Kf6 42. Qc4 Qd2 43. Qa6+ Kf5 44. Qxa5 f6 45. Kg2 Qd6 46.
Qa8 Qc5 47. Qb7 Ke6 48. Qa6+ Ke7 49. Kf3 Qd5+ 50. Ke3 Qd4+ 51. Ke2 Qe4+ 52. Kd2
g5 53. Qa7+ Ke6 54. Qa6+ Kf7 55. hxg5 Qd4+ 56. Ke2 Qb2+ 57. Ke3 Qc3+ 58. Ke2
fxg5 59. Qb7+ Kf6 60. Qa8 Kf5 61. f3 Qc2+ 62. Ke3 Qc5+ 63. Ke2 g4 64. Qe4+ Kg5
65. f4+ Kf6 66. Qe3 Qxe3+ 67. Kxe3 Kf5 0-1

[Event "European Youth Chess Championship B16"]
[Site "Prague, Top Hotel Prague"]
[Date "2016.08.21"]
[Round "4.25"]
[White "Koziol, Kamil"]
[Black "Iliaguev, Nisim"]
[Result "1/2-1/2"]
[WhiteElo "2276"]
[BlackElo "2120"]
[PlyCount "215"]
[EventDate "2016.08.18"]

1. e4 c5 2. Nf3 e6 3. d4 cxd4 4. Nxd4 a6 5. Bd3 Nf6 6. O-O e5 7. Nb3 d6 8. Nc3
Be7 9. Kh1 O-O 10. f4 exf4 11. Bxf4 Nbd7 12. Nd4 Ne5 13. Nd5 Nxd5 14. exd5 Bg5
15. Qh5 h6 16. Bxe5 dxe5 17. Nf3 Bf4 18. Nxe5 Qg5 19. Qxg5 hxg5 20. Rae1 Re8
21. Nc4 Bd7 22. g3 Bc7 23. d6 Bc6+ 24. Kg1 Rxe1 25. Rxe1 Bb8 26. Kf1 Ba7 27.
Re7 Bc5 28. Re5 Bd4 29. Rxg5 Rd8 30. c3 Bf6 31. Rc5 g6 32. h4 Bd7 33. Kg2 b5
34. Nb6 Be6 35. Nd5 Kg7 36. Nc7 Bxa2 37. Rc6 Be5 38. Rxa6 Kh6 39. Rxa2 Rxd6 40.
Bxb5 Rd2+ 41. Kf3 Bxc7 42. Bc4 f5 43. b4 Rd1 44. Ra7 Be5 45. Bg8 Bg7 46. b5 Rd8
47. Bf7 Bxc3 48. Ra6 Rd3+ 49. Kg2 Kg7 50. Bxg6 Be5 51. Bxf5 Rxg3+ 52. Kf2 Rb3
53. h5 Rxb5 54. h6+ Kh8 55. Kf3 Bc7 56. Kg4 Rb8 57. Kh5 Be5 58. Re6 Bd4 59. Rd6
Be5 60. Rd5 Bb2 61. Rd7 Bc3 62. Be6 Rf8 63. Bf7 Rb8 64. Bd5 Rf8 65. Kg5 Bb2 66.
Be6 Bc3 67. Rc7 Be5 68. Rb7 Bc3 69. Bf5 Ba1 70. Ra7 Bb2 71. Rh7+ Kg8 72. Rd7
Bc3 73. Be6+ Kh8 74. Bf7 Ba1 75. Kg6 Bc3 76. Rc7 Bb2 77. Rc2 Ba1 78. Ra2 Bc3
79. Ra3 Bb2 80. Rb3 Ba1 81. Rb7 Bc3 82. Kg5 Ba1 83. Bb3 Bc3 84. Kg6 Rf6+ 85.
Kh5 Rf5+ 86. Kg4 Rf8 87. Bf7 Ba1 88. Kf5 Bc3 89. Rd7 Bb2 90. Kg6 Bc3 91. Rd3
Bb2 92. Rg3 Ba1 93. Rd3 Bb2 94. Rd5 Bc3 95. Rd7 Bb2 96. Kf5 Bc3 97. Ke6 Bb2 98.
Rd5 Kh7 99. Rb5 Bd4 100. Rh5 Rb8 101. Rd5 Bb2 102. Kf5 Kxh6 103. Rd6+ Kg7 104.
Bd5 Rf8+ 105. Kg5 Bf6+ 106. Kg4 Rd8 107. Rxd8 Bxd8 108. Kf5 1/2-1/2

[Event "European Youth Chess Championship B16"]
[Site "Prague, Top Hotel Prague"]
[Date "2016.08.21"]
[Round "4.26"]
[White "Havelka, Ondrej"]
[Black "Marosi, Levente"]
[Result "0-1"]
[WhiteElo "2025"]
[BlackElo "2274"]
[PlyCount "74"]
[EventDate "2016.08.18"]

1. d4 Nf6 2. c4 e6 3. Nc3 Bb4 4. a3 Bxc3+ 5. bxc3 c5 6. e3 O-O 7. Bd3 d6 8. Ne2
Nc6 9. O-O b6 10. f4 Ba6 11. Ng3 Na5 12. e4 Bxc4 13. Bxc4 Nxc4 14. e5 Nd5 15.
Qd3 b5 16. Ne4 f5 17. exf6 Nxf6 18. Ng5 Qd7 19. a4 a6 20. dxc5 h6 21. c6 Qe7
22. Nf3 e5 23. fxe5 dxe5 24. Nh4 Qc5+ 25. Kh1 Ng4 26. Nf3 Rad8 27. Qe2 e4 28.
Nd4 Qe5 29. Rxf8+ Rxf8 30. g3 Nf2+ 31. Kg2 Nd3 32. Be3 bxa4 33. Bf4 Rxf4 34.
Rf1 Rxf1 35. Kxf1 a3 36. c7 Qxc7 37. Qxe4 Nd2+ 0-1

[Event "European Youth Chess Championship B16"]
[Site "Prague, Top Hotel Prague"]
[Date "2016.08.21"]
[Round "4.27"]
[White "Slomczewski, Michal"]
[Black "Mohammad, Fahim"]
[Result "0-1"]
[WhiteElo "1920"]
[BlackElo "2260"]
[PlyCount "100"]
[EventDate "2016.08.18"]

1. c4 g6 2. Nc3 c5 3. g3 Bg7 4. Bg2 Nc6 5. Nf3 d6 6. O-O Bf5 7. d3 Qd7 8. a3
Bh3 9. Be3 h5 10. Bxh3 Qxh3 11. Nd5 Rc8 12. Nf4 Qd7 13. Rb1 h4 14. Kh1 Nh6 15.
Rg1 Ng4 16. gxh4 Bd4 17. Bxd4 Nxd4 18. Rg2 Nxf3 19. exf3 Ne5 20. Qe2 Rxh4 21.
Nd5 Qf5 22. f4 Qxd3 23. Qe1 Nc6 24. Rd1 Qxc4 25. f3 Rxf4 26. Nxf4 Qxf4 27. Rd3
Ne5 28. Re3 Kd7 29. Rf2 Rh8 30. Qe2 a6 31. Re4 Qf6 32. b4 c4 33. Rf1 Rc8 34. a4
Nd3 35. b5 d5 36. Re3 a5 37. b6 e6 38. Qd2 Nb4 39. Rb1 c3 40. Qe2 c2 41. Rc1
Qb2 42. Qb5+ Rc6 43. Ree1 Qc3 44. Qxa5 Qxf3+ 45. Kg1 Rc4 46. Qb5+ Ke7 47. h3
Qg3+ 48. Kh1 Qxh3+ 49. Kg1 Qg3+ 50. Kf1 Rf4+ 0-1

[Event "European Youth Chess Championship B16"]
[Site "Prague, Top Hotel Prague"]
[Date "2016.08.21"]
[Round "4.28"]
[White "Warmerdam, Max"]
[Black "Adar, Idan"]
[Result "1-0"]
[WhiteElo "2372"]
[BlackElo "1990"]
[PlyCount "95"]
[EventDate "2016.08.18"]

1. e4 e5 2. Nf3 Nc6 3. Bb5 a6 4. Ba4 Nf6 5. O-O Nxe4 6. d4 b5 7. Bb3 d5 8. dxe5
Be6 9. Qe2 Be7 10. Rd1 O-O 11. c4 bxc4 12. Bxc4 Bc5 13. Be3 Bxe3 14. Qxe3 Qb8
15. Bb3 Qb6 16. Qxb6 cxb6 17. Na3 Rad8 18. Nc2 Na5 19. h3 Nxb3 20. axb3 a5 21.
Nfd4 Rc8 22. Ne3 g6 23. f3 Nc5 24. Rd2 Rfd8 25. Nd1 Na6 26. Nc3 Nb4 27. Rad1
Nc6 28. f4 Nxd4 29. Rxd4 Kf8 30. Kf2 Ke7 31. Ke3 Rc5 32. b4 axb4 33. Rxb4 Rc4
34. Rxc4 dxc4 35. Rxd8 Kxd8 36. Kd4 Kc7 37. Nd5+ Kc6 38. Ne3 b5 39. g4 Bc8 40.
f5 gxf5 41. gxf5 h6 42. h4 h5 43. Nd5 Bd7 44. Ne7+ Kc7 45. Kc5 Kd8 46. f6 Kc7
47. Nd5+ Kb7 48. Nf4 1-0

[Event "European Youth Chess Championship B16"]
[Site "Prague, Top Hotel Prague"]
[Date "2016.08.21"]
[Round "4.29"]
[White "Sousa, Andre Ventura"]
[Black "Lamblin, Jean"]
[Result "1/2-1/2"]
[WhiteElo "2411"]
[BlackElo "2090"]
[PlyCount "86"]
[EventDate "2016.08.18"]

1. e4 c5 2. Nf3 Nc6 3. Bb5 e5 4. O-O Bd6 5. c3 Nge7 6. Re1 O-O 7. d4 cxd4 8.
cxd4 exd4 9. Nxd4 a6 10. Bf1 Bb4 11. Bd2 Bxd2 12. Qxd2 d5 13. Nxc6 bxc6 14.
exd5 cxd5 15. Nc3 Be6 16. Rad1 Qb6 17. Na4 Qc6 18. Qa5 Rfd8 19. Rc1 Qd6 20. Nc5
Bc8 21. Nb3 Be6 22. Nd4 Rab8 23. b3 Rb6 24. Rc3 Rc8 25. Rxc8+ Nxc8 26. a3 h6
27. Qc3 Ne7 28. b4 Rb8 29. Qd3 Ra8 30. g3 Bd7 31. Qc2 Nc6 32. Nb3 Ne5 33. Bg2
Rc8 34. Qd1 Be6 35. Qa1 Ng4 36. Qb2 Qb6 37. Nd4 Nf6 38. h3 Rc4 39. Rd1 Ne4 40.
Kh2 Nc3 41. Rd3 Rxd4 42. Rxc3 Rc4 43. Rxc4 dxc4 1/2-1/2

[Event "European Youth Chess Championship B16"]
[Site "Prague, Top Hotel Prague"]
[Date "2016.08.21"]
[Round "4.30"]
[White "Dobrovoljc, Vid"]
[Black "Landi, Alberto"]
[Result "1-0"]
[WhiteElo "2306"]
[BlackElo "2057"]
[PlyCount "57"]
[EventDate "2016.08.18"]

1. Nf3 Nf6 2. g3 g6 3. Bg2 Bg7 4. O-O O-O 5. d4 d6 6. b3 c5 7. Bb2 Nc6 8. c4
Bd7 9. Nc3 cxd4 10. Nxd4 Nxd4 11. Qxd4 Bc6 12. Qd2 Qb6 13. Rac1 Rfd8 14. e4 a5
15. Nd5 Bxd5 16. exd5 Nd7 17. Bxg7 Kxg7 18. Rfe1 Re8 19. Re3 Nc5 20. Rce1 Qc7
21. g4 h6 22. Qd4+ Kh7 23. Rh3 e5 24. Qd2 Kg7 25. Qxh6+ Kf6 26. Qh4+ g5 27.
Rf3+ Kg6 28. Qh5+ Kg7 29. Qxg5+ 1-0

[Event "European Youth Chess Championship B16"]
[Site "Prague, Top Hotel Prague"]
[Date "2016.08.21"]
[Round "4.31"]
[White "Anaskin, Arsenij"]
[Black "O`Sullivan, Thomas"]
[Result "1-0"]
[WhiteElo "2054"]
[BlackElo "2293"]
[PlyCount "87"]
[EventDate "2016.08.18"]

1. e4 c5 2. Nf3 e6 3. d4 cxd4 4. Nxd4 Nc6 5. Nc3 Qc7 6. g3 a6 7. Bg2 Nf6 8. a4
h5 9. h3 Bc5 10. Nb3 Ba7 11. Bf4 Ne5 12. O-O d6 13. Qe2 h4 14. g4 Ng6 15. Bg5
Bd7 16. Rfd1 Ne5 17. Nd4 Nh7 18. Bxh4 g5 19. Bg3 O-O-O 20. Nf3 f6 21. Na2 Bxa4
22. b3 Bc6 23. Nb4 Nxf3+ 24. Bxf3 e5 25. Rd3 Nf8 26. Qd2 Bd4 27. c3 Bc5 28.
Nxc6 Qxc6 29. b4 Bb6 30. c4 Ne6 31. b5 axb5 32. cxb5 Qxb5 33. Rxd6 Nd4 34. Qc3+
Kb8 35. Rxf6 Nxf3+ 36. Qxf3 Bd4 37. Rd1 Rxh3 38. Kg2 Rh7 39. Qf5 Re7 40. Qxg5
Qe2 41. Rxd4 Rxd4 42. Bxe5+ Ka8 43. Rf8+ Ka7 44. Bxd4+ 1-0

[Event "European Youth Chess Championship B16"]
[Site "Prague, Top Hotel Prague"]
[Date "2016.08.21"]
[Round "4.32"]
[White "Miesbauer, Jan"]
[Black "Markovic, Dino"]
[Result "1/2-1/2"]
[WhiteElo "2272"]
[BlackElo "2012"]
[PlyCount "109"]
[EventDate "2016.08.18"]

1. c4 Nf6 2. g3 e5 3. Bg2 d6 4. Nc3 g6 5. Nf3 Bg7 6. d3 O-O 7. O-O Nc6 8. Rb1
a5 9. a3 Ne7 10. b4 axb4 11. axb4 h6 12. b5 Be6 13. Bb2 Qd7 14. Ra1 Nh5 15. Nd2
c6 16. e4 f5 17. exf5 Bxf5 18. Nde4 Nf6 19. Qd2 Nxe4 20. dxe4 Be6 21. Qd3 Rxa1
22. Rxa1 Nc8 23. bxc6 bxc6 24. c5 Qf7 25. Qd2 dxc5 26. Ba3 Nb6 27. Bxc5 Nc4 28.
Qd3 Rb8 29. Ra7 Rb7 30. Ra6 Rd7 31. Qb1 Rb7 32. Qc1 Qd7 33. h4 Rb3 34. Bf1 Nd2
35. Be2 Bc4 36. Ra7 Qd8 37. Be3 Bxe2 38. Bxd2 Bf3 39. Qc2 Qb8 40. Qa2 Kh7 41.
Kh2 Qb6 42. Be3 Qb4 43. Qd2 Rb2 44. Qd7 Qf8 45. Qxc6 Bg4 46. Qc5 Qf3 47. Nd5
Be6 48. Rxg7+ Kxg7 49. Qc7+ Kg8 50. Ne7+ Kf8 51. Nxg6+ Kg8 52. Ne7+ Kf8 53.
Ng6+ Kg8 54. Ne7+ Kf8 55. Ng6+ 1/2-1/2

[Event "European Youth Chess Championship B16"]
[Site "Prague, Top Hotel Prague"]
[Date "2016.08.21"]
[Round "4.33"]
[White "Pauwels, Xander"]
[Black "Hurdzan, Tomas"]
[Result "1/2-1/2"]
[WhiteElo "1996"]
[BlackElo "2245"]
[PlyCount "56"]
[EventDate "2016.08.18"]

1. d4 Nf6 2. c4 g6 3. Nc3 Bg7 4. e4 d6 5. Bd3 O-O 6. Nge2 c5 7. d5 e6 8. O-O
exd5 9. cxd5 Nbd7 10. h3 Re8 11. Ng3 a6 12. a4 Rb8 13. f4 h5 14. e5 dxe5 15. f5
e4 16. Ngxe4 Nxe4 17. Nxe4 Ne5 18. fxg6 fxg6 19. Bb1 Bf5 20. Bg5 Qb6 21. a5
Qxb2 22. Ra2 Qd4+ 23. Qxd4 cxd4 24. Nd6 Bxb1 25. Rxb1 Rf8 26. Be7 Rf4 27. Bg5
Rff8 28. Be7 Rf4 1/2-1/2

[Event "European Youth Chess Championship B16"]
[Site "Prague, Top Hotel Prague"]
[Date "2016.08.21"]
[Round "4.34"]
[White "German, Nikita"]
[Black "Acs, Marton"]
[Result "1-0"]
[WhiteElo "2223"]
[BlackElo "2030"]
[PlyCount "71"]
[EventDate "2016.08.18"]

1. e4 e5 2. Nf3 Nc6 3. Bb5 a6 4. Ba4 Nf6 5. O-O Be7 6. Re1 b5 7. Bb3 d6 8. c3
O-O 9. h3 Nb8 10. d4 Nbd7 11. Nbd2 Bb7 12. Bc2 c5 13. b3 Qc7 14. d5 c4 15. bxc4
bxc4 16. Qe2 a5 17. Qxc4 Qxc4 18. Nxc4 Rfc8 19. Nfd2 Ba6 20. Nxa5 Rxc3 21. Nc6
Bb5 22. Nxe7+ Kf8 23. Nf5 Rxc2 24. Nxd6 Bd3 25. Re3 Nc5 26. Nb7 Nxb7 27. Rxd3
Nc5 28. Re3 Raxa2 29. Rxa2 Rxa2 30. Ba3 Rxd2 31. Bxc5+ Ke8 32. Bd6 Nd7 33. Ra3
f5 34. Ra8+ Kf7 35. Rd8 Nf6 36. exf5 1-0

[Event "European Youth Chess Championship B16"]
[Site "Prague, Top Hotel Prague"]
[Date "2016.08.21"]
[Round "4.35"]
[White "Birkisson, Bjorn Holm"]
[Black "Ranaldi, Lucas"]
[Result "0-1"]
[WhiteElo "1908"]
[BlackElo "2215"]
[PlyCount "76"]
[EventDate "2016.08.18"]

1. Nf3 Nf6 2. g3 g6 3. b4 Bg7 4. Bb2 b6 5. Bg2 Bb7 6. O-O O-O 7. c4 d6 8. d3 c5
9. bxc5 dxc5 10. Nbd2 Nc6 11. a4 Qc7 12. Nb3 a5 13. Qb1 Rfd8 14. Bc3 Nh5 15.
Qb2 Bxc3 16. Qxc3 Nb4 17. Rfd1 Rac8 18. Nbd2 Ng7 19. Nb1 Bc6 20. Qb2 Qb8 21.
Nc3 Nf5 22. Nb5 Bxf3 23. Bxf3 Nd4 24. Nxd4 Rxd4 25. Rd2 Rcd8 26. Rad1 R8d7 27.
Bg2 Qd8 28. Bf1 R4d6 29. e3 f6 30. d4 e5 31. Bh3 f5 32. d5 e4 33. f4 exf3 34.
e4 fxe4 35. Be6+ Rxe6 36. dxe6 Rxd2 37. Rxd2 Nd3 38. Qb5 Qd4+ 0-1

[Event "European Youth Chess Championship B16"]
[Site "Prague, Top Hotel Prague"]
[Date "2016.08.21"]
[Round "4.36"]
[White "Goldie, Thomas"]
[Black "Golding, James"]
[Result "1-0"]
[WhiteElo "2193"]
[BlackElo "1919"]
[PlyCount "55"]
[EventDate "2016.08.18"]

1. d4 d5 2. c4 e6 3. Nf3 c5 4. cxd5 exd5 5. g3 Nc6 6. Bg2 Nf6 7. O-O Be7 8.
dxc5 Bxc5 9. a3 Ne4 10. Nfd2 Bf5 11. Nxe4 dxe4 12. Qa4 Qe7 13. Nc3 Bd4 14. Bf4
O-O 15. Nd5 Qc5 16. Ne3 Bg6 17. b4 Qe7 18. Rad1 a6 19. Nd5 Qd8 20. Qb3 Rc8 21.
Bh3 Re8 22. Bxc8 Qxc8 23. Qc4 Ba7 24. a4 Qh3 25. b5 axb5 26. axb5 Bh5 27. Bc7
e3 28. f3 1-0

[Event "European Youth Chess Championship B16"]
[Site "Prague, Top Hotel Prague"]
[Date "2016.08.21"]
[Round "4.37"]
[White "Tomulic, Teo"]
[Black "Demosthenous, Andreas"]
[Result "1-0"]
[WhiteElo "2148"]
[BlackElo "1925"]
[PlyCount "57"]
[EventDate "2016.08.18"]

1. e4 c5 2. Nf3 g6 3. d4 cxd4 4. Qxd4 Nf6 5. e5 Nc6 6. Qa4 Nd5 7. Qe4 Nc7 8.
Nc3 Bg7 9. h4 d5 10. exd6 Qxd6 11. Bf4 Qe6 12. Ng5 Qxe4+ 13. Ngxe4 Ne6 14. Be3
f5 15. Nc5 Nxc5 16. Bxc5 Be6 17. O-O-O O-O 18. Nd5 Rfd8 19. Bc4 Kf7 20. Rhe1
Ne5 21. Bb3 b6 22. Nc7 Bxb3 23. Nxa8 Rxa8 24. Bd4 Bxc2 25. Kxc2 Rc8+ 26. Kb1
Nc6 27. Bxg7 Kxg7 28. Rc1 Kf6 29. Re3 1-0